000 00656nam a22002297a 4500
003 UA-OsUOA
001 98329
007 ta
008 20130415b un ||||| |||| 00| 0 ukr d
100 _aЛутс О.
090 _a821.17
_bЛ86
942 _cBK
040 _aUA-OsUOA
_brus
_cUA-OsUOA
_dUA-OsUOA
245 _aВесна. Ученик Вальтер. На задворках
_bповести
300 _a590 с.
955 _a3
041 _arus
080 _a821.17
260 _aМ.
_bХудожественная литература
_c1987
650 7 _a82 Література. Літературознавство
_2UDC
999 _c384827
_d384827